000 00831nam a2200181 a 4500
001 45759
005 20180714025054.0
008 140415s1992 mx 000 0 spa d
020 _a9682437393
041 _aspa
082 _a631
_bPRO
245 0 0 _aPRODUCCION FORESTAL
250 _a2a ed.
260 _aMEXICO :
_bTRILLAS,
_c1992
300 _a199
_c23 x 15 x 1
520 _aEN LE MUNDO DE HOY, TAN DENSAMENTE POBLADO Y TREMENDAMENTE CONTAMINADO, LA CONSERVACIÓN DE LOS BOSQUES ES FUNDAMENTAL DEBIDO A QUE LOS ÁRBOLES SON LOS MARAVILLOSOS SERES VIVOS QUE ACTÚAN COMO UN ENORME PULMÓN PARA LAS CUIDADES, PROPORCIONANDO ADEMÁS, ÁREAS DE RECREACIÓN, AMBIENTE AGRADABLE, ASÍ COMO UNA PRODUCCIÓN CONSIDERABLE EN MADERAS PARA INDUSTRIAS, CONSTRUCCIONES Y CALEFACCIÓN.
650 1 4 _aARBOLES
_xFORESTACION
999 _c45759
_d45759